000 00627nam a22002177a 4500
003 UA-OsUOA
001 56956
007 ta
008 20081120b un ||||| |||| 00| 0 ukr d
100 _aБлок Ф.
090 _a32
_bБ-12
942 _cSA
040 _aUA-OsUOA
_brus
_cUA-OsUOA
_dUA-OsUOA
245 _aКак объяснить расхождение путей Соедененных Штатов и Западной Европы: Обновленный подход Поланьи
300 _aС.39-73
955 _a0
041 _arus
080 _a32
773 0 _w56955
650 7 _a32 Політика
_2UDC
999 _c343039
_d343039